[Event "WYCC 2018 O14"]
[Site "Halkidiki"]
[Date "2018.10.21"]
[Round "2"]
[White "Murzin, Volodar"]
[Black "Buonanno, Raffaele"]
[Result "1-0"]
[WhiteElo "2340"]
[BlackElo "2101"]
[Annotator "TA"]
[PlyCount "43"]
[EventDate "2018.10.20"]
[EventType "swiss"]
[EventCountry "GRE"]
[SourceTitle "playchess.com"]
[Source "ChessBase"]
[SourceQuality "1"]

{[%evp 15,43,0,19,0,0,0,0,0,0,0,0,0,10,0,0,0,18,0,0,0,334,331,517,502,1118,1112,1103,1103,1064,1013]} 1. e4 d5 2. exd5 Qxd5 3. Nc3 Qd6 4. d4 c6 5. Nf3 Bg4 6. h3 {B01: Scandinavian Defence} (6. Be3 Nf6 7. h3 Bh5 8. g4 Bg6 9. Bg2 Nbd7 10. Nh4 e6 11. Qe2 Be7 12. O-O O-O 13. Nxg6 hxg6 {½-½ (45) Jones,G (2646)-Tiviakov,S (2569) Bunratty 2018}) 6... Bxf3 7. Qxf3 Qxd4 8. Be3 Qd8 $1 {LiveBook: 12 Games} 9. Bc4 Nf6 10. O-O e6 11. Rad1 Nbd7 12. Qg3 Nh5 13. Qf3 Nhf6 14. Rfe1 Be7 15. Qg3 Qa5 $146 16. Bd4 {[#] And now Bxe6! would win.} O-O 17. Ne4 $36 {[%mdl 2048] White is more active.} b5 $2 {[%mdl 8192]} (17... Nh5 $11 18. Qf3 Ndf6) 18. Bc3 $18 Qd8 {[#]} (18... b4 {might work better.}) 19. Rxd7 $1 {[%mdl 512] White is clearly winning.} Qxd7 (19... Nh5 $142 20. Rxd8 Nxg3) 20. Nxf6+ Bxf6 21. Bxf6 {[%csl Gf6][%cal Rg3g7]} g6 22. Qf4 {Precision: White = 60%, Black = 63%.} 1-0

[Event "WYCC 2018 O14"]
[Site "Halkidiki"]
[Date "2018.10.21"]
[Round "2"]
[White "Tanriverdi, Enes"]
[Black "Soriano Quispe, Ivan Excender"]
[Result "1-0"]
[WhiteElo "2317"]
[BlackElo "2054"]
[Annotator "TA"]
[PlyCount "59"]
[EventDate "2018.10.20"]
[EventType "swiss"]
[EventCountry "GRE"]
[SourceTitle "playchess.com"]
[Source "ChessBase"]
[SourceQuality "1"]

{[%evp 22,59,78,69,129,79,65,77,72,8,7,4,42,45,87,15,186,160,223,121,231,187,300,284,279,262,348,348,684,684,1064,994,1747,1632,29985,29986,29991,29992,29993,29994]} 1. d4 Nf6 2. c4 g6 3. Nc3 Bg7 4. e4 d6 5. Be2 O-O 6. Be3 e5 7. d5 a5 8. g4 Na6 {E73: King's Indian: Averbakh Variation without 6...c5} 9. g5 (9. h4 Nc5 10. f3 h5 11. g5 Nh7 12. Kd2 Bd7 13. Nh3 c6 14. Nf2 cxd5 15. exd5 f5 16. gxf6 Nxf6 17. Bxc5 dxc5 {0-1 (37) Vallejo Pons,F (2705)-Radjabov,T (2741) Palma de Mallorca 2017}) 9... Ne8 10. h4 f5 11. gxf6 Nxf6 12. h5 {LiveBook: 8 Games} Qe8 (12... gxh5 $14 13. Bxh5 Bd7) 13. hxg6 Qxg6 {[#]} 14. Nf3 $146 {[%cal Bg1f3,Bf3h2,Bh2g4][%mdl 32]} ({Predecessor:} 14. Bh5 Nxh5 15. Qxh5 Bg4 16. Qxg6 hxg6 {½-½ (48) Schandorff,L (2521)-Fossan,P (2303) Helsingor 2016}) 14... Ng4 15. Qd2 ({White should play} 15. Kd2 $16) 15... Nxe3 $11 16. Qxe3 Rf4 17. O-O-O Qf6 18. Rdg1 (18. Rh2 $16) 18... h6 $2 {[#]} (18... Rg4 $11 {and Black has nothing to worry.}) 19. Nh2 $18 Kf8 (19... Nc5 $16 {was called for.}) 20. Bg4 (20. Ng4 $18 Bxg4 21. Bxg4) 20... Ke7 (20... Qf7 $16) 21. Qh3 $36 {[%mdl 2048] White is really pushing.} Bxg4 (21... Qf8 $142 22. Bxc8 Rxc8) 22. Nxg4 Qf7 {[#]} 23. Ne3 $1 (23. Nxh6 Bxh6 24. Qxh6 Rg8 $16) 23... Bf8 24. Nf5+ Ke8 $2 (24... Kd8 25. Nxh6 Qf6) 25. Nxh6 Bxh6 26. Qxh6 Rxf2 27. Qh8+ Kd7 28. Qxa8 {White mates.} Qf4+ 29. Kb1 Rxb2+ 30. Ka1 {Precision: White = 51%, Black = 14%.} ({Weaker is} 30. Kxb2 Qd2+ 31. Ka1 Qxc3+ 32. Kb1 Qd3+ 33. Kc1 Qe3+ 34. Kb2 Qd4+ 35. Kc2 Qxc4+ 36. Kd2 Qd4+ 37. Ke1 Qxe4+ 38. Kd2 Qd4+ 39. Ke1 Qe4+ 40. Kd1 Qd4+ 41. Ke1 Qe4+ $11) 1-0

[Event "WYCC 2018 O14"]
[Site "Halkidiki"]
[Date "2018.10.21"]
[Round "2"]
[White "Nogerbek, Kazybek"]
[Black "Karadzhov, Ivan"]
[Result "1-0"]
[WhiteElo "2316"]
[BlackElo "2040"]
[Annotator "TA"]
[PlyCount "99"]
[EventDate "2018.10.20"]
[EventType "swiss"]
[EventCountry "GRE"]
[SourceTitle "playchess.com"]
[Source "ChessBase"]
[SourceQuality "1"]

{[%evp 34,99,60,56,81,50,60,33,24,26,28,23,22,17,118,70,85,75,89,77,87,56,56,55,56,56,87,38,59,60,154,146,150,134,144,43,103,114,150,142,142,139,147,148,142,142,142,139,648,654,29984,570,626,624,946,972,29978,29979,29979,29980,29987,29988,29988,29989,29989,29990,29990,29991]} 1. e4 e5 2. Nf3 Nc6 3. Bb5 {[%cal Bf1b5,Bb5a4,Ba4b3][%mdl 32]} a6 4. Ba4 Nf6 5. O-O Be7 6. Re1 b5 7. Bb3 d6 8. c3 O-O 9. h3 Nb8 10. d4 Nbd7 11. Nbd2 Bb7 12. Bc2 Re8 13. Nf1 Bf8 14. Ng3 g6 15. a4 c5 16. d5 Bg7 17. b3 Qc7 {C95: Spanische Partie (Breyer-Variante)} 18. Be3 {LiveBook: 3 Partien} (18. a5 Qd8 19. Bg5 Qe7 20. Qd2 Qf8 21. Nh2 h6 22. Be3 h5 23. Rf1 Bc8 24. Rae1 Nh7 25. b4 {0-1 (63) Szelag,M (2478)-Chojnacki,K (2398) Legnica 2007}) 18... Reb8 $146 ({Vorgänger:} 18... c4 19. b4 Nb6 20. Qb1 bxa4 21. Bxa4 Reb8 22. Bc2 Bc8 23. Ra5 Bd7 24. Qa2 Bb5 25. Rd1 {1-0 (46) Gabrielsen,S (2330)-Solberg,J (2241) Norway 2011}) 19. Qd2 Bc8 {Weiß steht etwas besser.} 20. Nh2 bxa4 21. Rxa4 Nb6 22. Ra2 a5 23. Rea1 Ra7 (23... a4 $11 {bleibt in der Remisbreite.}) 24. Qd1 Rba8 25. Nhf1 Bd7 26. Nd2 Ne8 27. Ne2 f5 {[#] Und weiter mit ...f4 wäre nett.} 28. f3 f4 29. Bf2 g5 30. Nc1 h5 31. b4 a4 ({Lieber} 31... cxb4 $14 32. cxb4 a4) 32. bxc5 $16 dxc5 33. Nd3 Bf8 34. Nb2 (34. Kh1 $16) 34... a3 (34... c4 $1 $14) 35. Nbc4 Nxc4 36. Nxc4 Bb5 37. Nxa3 Bc4 38. Nxc4 Rxa2 39. Rxa2 Rxa2 40. Bb3 Ra8 $2 {[%mdl 8192] [#]} (40... Rxf2 $16 41. Kxf2 Nd6) 41. d6 $1 $18 {[%cal Rd6c7,Bd5d6,Bd6d7][%mdl 32]} Qd8 42. Nb6+ (42. Qd5+ $142 Kh7 43. Nxe5 Bg7 44. Qg8+ Kh6 45. Nf7+ Kg6 46. Nxd8 Nxd6 47. Bxc5 Ra1+ 48. Kf2) 42... Kh8 43. Nxa8 Qxa8 44. d7 Nd6 45. Qd5 {Weiß setzt Matt.} Qxd5 46. Bxd5 Be7 47. Bxc5 Kg7 48. Bxd6 Bd8 49. c4 {[%cal Bc3c4,Bc4c5][%mdl 32]} Kf6 50. c5 {Precision: Weiß = 49%, Schwarz = 30%.} 1-0

[Event "WYCC 2018 O14"]
[Site "Halkidiki"]
[Date "2018.10.21"]
[Round "2"]
[White "Cardoso Cardoso, Jose Gabriel"]
[Black "Redzisz, Michal"]
[Result "1-0"]
[WhiteElo "2313"]
[BlackElo "2026"]
[Annotator "TA"]
[PlyCount "69"]
[EventDate "2018.10.20"]
[EventType "swiss"]
[EventCountry "GRE"]
[SourceTitle "playchess.com"]
[Source "ChessBase"]
[SourceQuality "1"]

{[%evp 16,68,-16,-26,-24,-20,33,35,58,-2,112,99,112,129,158,184,157,143,172,137,172,143,212,9,201,103,115,107,220,209,200,125,114,133,218,215,219,208,362,352,359,341,506,515,755,750,696,642,29992,29993,29997,29998,29998,29999,29999]} 1. d4 Nf6 2. c4 e6 3. Nc3 Bb4 4. e3 O-O 5. Nge2 d5 6. a3 Be7 7. cxd5 exd5 8. h3 {E46: Nimzo-Indian: Rubinstein: 4 e3 0-0 5 Ne2 without early Bd3} (8. Nf4 c6 9. Bd3 Na6 10. O-O Nc7 11. f3 Re8 12. Bd2 Bf8 13. Qe1 g6 14. g4 c5 15. Qf2 b6 16. h4 Bd6 17. Nce2 {0-1 (54) Caruana,F (2816)-Karjakin,S (2782) Leuven 2018}) 8... c6 9. g4 {LiveBook: 14 Games} Nbd7 10. Ng3 $146 {Black has an edge.} ({Predecessor:} 10. Bg2 Re8 11. O-O Bd6 12. f3 Nb6 13. e4 c5 14. Bg5 cxd4 15. Nxd4 dxe4 16. Nxe4 {½-½ (61) Swayams,M (2479)-Gedajlovic,M (1980) Eretria 2014}) 10... b6 (10... Nb6 $11) 11. Bd3 $14 Bb7 12. g5 (12. h4 $14) 12... Ne8 (12... Ne4 $1 $11 {keeps the balance.}) 13. h4 $16 {[%cal Bh3h4,Bh4h5][%mdl 32]} Nd6 14. Qc2 (14. Qh5 f5 $11) 14... g6 15. h5 Kg7 {[#]} 16. f4 $1 c5 17. Qg2 (17. hxg6 $6 hxg6 18. Bd2 Rh8 $14) 17... Re8 18. Kf1 Nf8 {[#]} (18... Rc8 $16 {was necessary.}) 19. Qh2 $2 (19. Nxd5 Nf5 $14) (19. hxg6 fxg6 20. dxc5 (20. Nxd5 cxd4 21. b4 dxe3 $14) 20... Nf7) (19. dxc5 $1 $18 bxc5 20. Nxd5) 19... Ne4 $2 (19... Kg8 $11) 20. Bb5 ({But not} 20. Ngxe4 $6 dxe4 21. Bb5 (21. Nxe4 cxd4 22. hxg6 fxg6 $14) (21. Bxe4 Bxe4 22. Nxe4 Qd5 $11) 21... cxd4 $16) ({Better is} 20. Ncxe4 $18 dxe4 21. Bb5 (21. Nxe4 Kh8 $16) (21. Bxe4 Bxe4 22. Nxe4 cxd4 $11)) 20... Nxg3+ 21. Qxg3 Nd7 (21... Qc7 $16 {keeps fighting.}) 22. hxg6 $18 fxg6 23. Qh3 Nf8 24. Bd2 $36 {[%mdl 2048] White is in control.} Bc8 (24... Qc8 $16 25. Bxe8 Qxh3+ 26. Rxh3 Rxe8) 25. Qh6+ Kg8 26. dxc5 bxc5 $2 (26... Be6 27. Ne2 Bxc5 28. Bxe8 (28. Bc3 Re7 $16) 28... Qxe8) 27. Bxe8 Qxe8 28. Nxd5 Qb5+ (28... Bf5 $142 29. Bc3 Qf7) 29. Kg1 {Bc3 is the strong threat.} Bd8 30. Bc3 {[%csl Gc3][%cal Rh6g7]} Qd7 31. Rd1 {Black must now prevent Nf6+.} Qb7 {[#]} 32. Nc7 $1 {[%mdl 512] White mates.} Qxc7 {[#]} 33. Rxd8 $1 {[%csl Gh6][%cal Rd8f8][%mdl 512]} Qe7 {[#]} (33... Qxd8 34. Qg7#) 34. Rxf8+ $1 Qxf8 35. Qxh7# {Precision: White = 58%, Black = 30%.} 1-0

[Event "WYCC 2018 O14"]
[Site "Halkidiki"]
[Date "2018.10.21"]
[Round "2"]
[White "Tsay, Vincent"]
[Black "Zhukenov, Aituar"]
[Result "0-1"]
[WhiteElo "2310"]
[BlackElo "2025"]
[Annotator "TA"]
[PlyCount "98"]
[EventDate "2018.10.20"]
[EventType "swiss"]
[EventCountry "GRE"]
[SourceTitle "playchess.com"]
[Source "ChessBase"]
[SourceQuality "1"]

{[%evp 17,98,8,18,10,10,4,16,16,18,4,12,-43,0,-50,-43,-53,-60,-64,-85,-86,-74,-86,-73,-92,-19,-12,-16,-18,-17,-15,2,-47,-47,-50,-47,-50,-18,-53,-37,-76,-39,-56,-4,-80,-69,-93,-42,-80,-56,-83,-76,-319,-314,-464,-460,-475,-472,-470,-320,-335,-312,-359,-329,-425,-412,-525,-367,-497,-471,-1418,-1361,-1860,-1647,-29979,-29976,-29987,-29988,-29988,-29989,-29991,-29992,-29993,-29994]} 1. d4 Nf6 2. Nf3 e6 3. c4 b6 4. g3 Ba6 5. Qb3 Nc6 6. Nbd2 d5 7. Qa4 {E15: Queen's Indian: 4 g3 sidelines, 4 g3 Ba6 and 4 g3 Bb7 early deviations} (7. Bg2 Bd6 8. cxd5 exd5 9. Ne5 Na5 10. Qa4+ c6 11. O-O O-O 12. Re1 Re8 13. Ndf3 Ne4 14. Bf4 c5 15. Rac1 Bb7 16. Nd3 Bf8 17. dxc5 bxc5 18. b4 Nc4 19. bxc5 Nxc5 20. Nxc5 Bxc5 21. e3 {½-½ (21) Moiseenko,A (2698)-Kryvoruchko,Y (2710) Germany 2014}) 7... Bb7 8. Bg2 Bd6 9. O-O O-O {LiveBook: 8 Games} 10. a3 a5 11. Qc2 a4 12. cxd5 $146 ({Predecessor:} 12. Rd1 h6 13. e4 dxe4 14. Nxe4 Nxe4 15. Qxe4 {0-1 (35) Kuraszkiewicz,M (2300)-Anastasian,A (2574) Warsaw 2005}) 12... exd5 13. Nb1 Ne4 14. Be3 (14. Nc3 $11) 14... f5 15. Nfd2 Qf6 16. Nxe4 fxe4 17. Qd1 Ne7 18. Nc3 Nf5 19. Qd2 c6 20. Rad1 Nxe3 (20... Qg6 $17 21. Bf4 b5) 21. Qxe3 $11 Qg6 22. f3 exf3 23. Rxf3 Rxf3 24. exf3 (24. Qxf3 {with more complications.} Re8 25. e4 dxe4 26. Nxe4 c5 27. Nf6+) 24... Re8 25. Qd2 b5 $36 {[%mdl 2048] Black fights for an advantage.} 26. Re1 Bc8 27. f4 Bd7 28. Re2 Rxe2 29. Qxe2 Qe6 (29... h5 $15) 30. Kf2 (30. Qxe6+ $11 Bxe6 31. Na2) 30... Qf6 $17 {[#] White must now prevent ...b4.} 31. Qe3 Qf5 (31... g5 $17 {[%cal Rg5f4]} 32. Ne2 gxf4 33. Nxf4 Bc7) 32. Qd2 Be7 33. Bf1 Bf6 34. Nd1 $2 (34. h4 $17) 34... Qe4 $19 35. Bg2 (35. Qe2 $142 Bxd4+ 36. Ke1) 35... Qxd4+ 36. Qxd4 Bxd4+ {[%mdl 4096] Endgame KBB-KBN} 37. Ke1 Kf7 38. Kd2 Ke7 39. h3 Kd6 40. g4 c5 {[%cal Bc6c5,Bc5b4,Bb4b3,Bb3a2][%mdl 32]} 41. Nc3 Bc6 42. Bf1 b4 43. Nd1 {[#]} (43. Nb5+ $142 Bxb5 44. Bxb5) 43... Bxb2 $1 {[%mdl 512]} 44. axb4 (44. Nxb2 bxa3) 44... cxb4 45. Kc2 Bd4 {Black mates.} 46. Bd3 b3+ 47. Kd2 a3 48. Nc3 a2 49. Nxa2 bxa2 {Precision: White = 34%, Black = 62%.} 0-1

[Event "WYCC 2018 O14"]
[Site "Halkidiki"]
[Date "2018.10.21"]
[Round "2"]
[White "Krastev, Alexander"]
[Black "Stremavicius, Pijus"]
[Result "0-1"]
[WhiteElo "2298"]
[BlackElo "2024"]
[Annotator "NA"]
[PlyCount "64"]
[EventDate "2018.10.20"]
[EventType "swiss"]
[EventCountry "GRE"]
[SourceTitle "playchess.com"]
[Source "ChessBase"]
[SourceQuality "1"]
[TimeControl "40/5400+30:1800+30"]

1. e4 {[%emt 0:00:00]} d6 {[%emt 0:00:00]} 2. d4 {[%emt 0:00:00]} Nf6 {[%emt 0:00:00]} 3. Nc3 {[%emt 0:00:16]} g6 {[%emt 0:00:00]} 4. f4 {[%emt 0:01:09]} Bg7 {[%emt 0:00:03]} 5. Nf3 {[%emt 0:00:31]} c5 {[%emt 0:00:29]} 6. dxc5 {[%emt 0:21:39]} Qa5 {[%emt 0:00:09]} 7. Bd3 {[%emt 0:00:22]} Qxc5 {[%emt 0:00:05]} 8. Qe2 {[%emt 0:00:41]} O-O {[%emt 0:03:24]} 9. Be3 {[%emt 0:04:50]} Qa5 {[%emt 0:00:39]} 10. O-O {[%emt 0:04:04]} Bg4 {[%emt 0:00:07]} 11. h3 {[%emt 0:01:29] LiveBook: 92 Games} Bxf3 $1 {[%emt 0:00:05]} 12. Qxf3 {[%emt 0:00:17]} Nc6 {[%emt 0:00:09]} 13. Ne2 {[%emt 0:09:17]} Nb4 {[%emt 0:11:30] B09: Pirc Defence: Austrian Attack} 14. Nd4 $146 {[%emt 0:07:45]} ({Predecessor:} 14. Bd4 Nd7 15. c3 Nxd3 16. Qxd3 Bxd4+ 17. cxd4 Rac8 18. f5 Qb6 19. b3 d5 20. exd5 Nf6 21. fxg6 hxg6 {½-½ (41) Zdebskaja,N (2410)-Wang,X (2223) Ningbo 2009}) 14... Nd7 {[%emt 0:04:36]} 15. Rfc1 {[%emt 0:09:39]} Nxd3 {[%emt 0:02:41]} 16. cxd3 {[%emt 0:00:07]} Qb4 {[%emt 0:02:49]} 17. Qf2 {[%emt 0:01:36]} Rac8 {[%emt 0:03:18]} 18. a3 {[%emt 0:06:13]} Qa4 {[%emt 0:01:40]} 19. Rc4 {[%emt 0:04:02]} Rxc4 {[%emt 0:01:15]} 20. b3 {[%emt 0:00:47] [#]} Rc1+ $1 {[%emt 0:00:44]} 21. Rxc1 {[%emt 0:00:41]} Qxa3 {[%emt 0:00:22]} 22. Rc7 {[%emt 0:13:51]} Nc5 {[%emt 0:00:05]} 23. Rxe7 {[%emt 0:00:56]} Nxd3 {[%emt 0:01:10]} (23... Bf6 $19 {and Black stays clearly on top.} 24. Rc7 Qa5 25. Rxc5 dxc5) 24. Qf1 {[%emt 0:01:23]} Nc5 {[%emt 0:05:59]} 25. Qc4 {[%emt 0:01:49]} Bf6 {[%emt 0:11:23]} 26. Nc2 {[%emt 0:05:01]} Qb2 {[%emt 0:01:30]} 27. Rc7 {[%emt 0:00:52]} b5 {[%emt 0:01:00]} 28. Qe2 {[%emt 0:02:06]} Nxe4 {[%emt 0:01:55]} 29. Qxb5 {[%emt 0:00:51]} Nc3 {[%emt 0:12:09]} 30. Qd3 {[%emt 0:00:37]} Qxb3 {[%emt 0:00:13]} 31. Kh2 $17 {[%emt 0:01:59]} Qb2 {[%emt 0:04:59]} 32. Qxd6 {[%emt 0:00:35]} Nb5 0-1

[Event "WYCC 2018 O14"]
[Site "Halkidiki"]
[Date "2018.10.21"]
[Round "2"]
[White "Ozenir, Ekin Baris"]
[Black "Gavriil, Odysseas-Panagiotis"]
[Result "1-0"]
[WhiteElo "2293"]
[BlackElo "2009"]
[Annotator "ChessBase"]
[PlyCount "109"]
[EventDate "2018.10.20"]
[EventType "swiss"]
[EventCountry "GRE"]
[SourceTitle "playchess.com"]
[Source "ChessBase"]
[SourceQuality "1"]
[TimeControl "40/5400+30:1800+30"]

1. d4 {[%emt 0:00:00]} Nf6 {[%emt 0:00:00]} 2. Bg5 {[%emt 0:00:11]} d5 {[%emt 0:00:00]} 3. e3 {[%emt 0:01:15]} c6 {[%emt 0:00:40]} 4. Bxf6 {[%emt 0:01:13]} exf6 {[%emt 0:00:33]} 5. Nd2 {[%emt 0:01:58]} Bd6 {[%emt 0:03:06]} 6. g3 {[%emt 0:02:26]} Be6 {[%emt 0:00:58]} 7. Bg2 {[%emt 0:01:25]} f5 {[%emt 0:01:15]} 8. Ne2 {[%emt 0:03:35]} Nd7 {[%emt 0:01:05]} 9. O-O {[%emt 0:05:04]} O-O {[%emt 0:00:12]} 10. Rc1 {[%emt 0:03:34]} Nf6 {[%emt 0:04:01]} 11. c4 {[%emt 0:03:56]} Ne4 {[%emt 0:04:26]} 12. Nxe4 {[%emt 0:08:27]} fxe4 {[%emt 0:00:26]} 13. cxd5 {[%emt 0:00:47]} Bxd5 {[%emt 0:07:14]} 14. Nc3 {[%emt 0:03:09]} Bb4 {[%emt 0:27:17]} 15. Nxe4 {[%emt 0:08:03]} Re8 {[%emt 0:06:01]} 16. Nc5 {[%emt 0:02:50]} Bxc5 {[%emt 0:01:19]} 17. Rxc5 {[%emt 0:02:06]} Bxg2 {[%emt 0:09:59]} 18. Kxg2 {[%emt 0:00:19]} Qd6 {[%emt 0:00:15]} 19. Qf3 {[%emt 0:04:14]} Re6 {[%emt 0:01:28]} 20. Rfc1 {[%emt 0:06:19]} Rf6 {[%emt 0:04:02]} 21. Qe4 {[%emt 0:02:35]} Re6 {[%emt 0:02:55]} 22. Qf5 {[%emt 0:02:24]} g6 {[%emt 0:00:27]} 23. Qg5 {[%emt 0:01:05]} Kg7 {[%emt 0:02:45]} 24. Qf4 {[%emt 0:06:34]} Qxf4 {[%emt 0:02:17]} 25. gxf4 {[%emt 0:00:07]} Rd8 {[%emt 0:00:32]} 26. b4 {[%emt 0:03:22]} a6 {[%emt 0:03:23]} 27. Re5 {[%emt 0:03:05]} Rdd6 {[%emt 0:03:56]} 28. Kf3 {[%emt 0:03:21]} Rxe5 {[%emt 0:05:03]} 29. fxe5 {[%emt 0:00:07]} Rd7 {[%emt 0:00:12]} 30. Ke4 {[%emt 0:00:52]} f6 {[%emt 0:00:35]} 31. exf6+ {[%emt 0:04:14]} Kxf6 {[%emt 0:00:05]} 32. Rc5 {[%emt 0:00:10]} Rd6 {[%emt 0:02:12]} 33. f4 {[%emt 0:01:23]} Ke6 {[%emt 0:02:30]} 34. Re5+ {[%emt 0:01:19]} Kf6 {[%emt 0:01:05]} 35. a4 {[%emt 0:00:24]} h6 {[%emt 0:00:59]} 36. h4 {[%emt 0:00:42]} Kf7 {[%emt 0:01:00]} 37. a5 {[%emt 0:00:46]} Kf6 {[%emt 0:00:46]} 38. Kd3 {[%emt 0:01:12]} Rd8 {[%emt 0:03:04]} 39. Kc4 {[%emt 0:00:09]} Rd7 {[%emt 0:00:34]} 40. Kc5 {[%emt 0:00:00]} Kf7 {[%emt 0:00:00]} 41. e4 {[%emt 0:05:50]} Rd8 {[%emt 0:01:07]} 42. h5 {[%emt 0:03:42]} gxh5 {[%emt 0:00:06]} 43. Rxh5 {[%emt 0:00:15]} Kg6 {[%emt 0:00:37]} 44. Rh1 {[%emt 0:00:57]} Re8 {[%emt 0:02:47]} 45. f5+ {[%emt 0:00:56]} Kg5 {[%emt 0:00:52]} 46. Rg1+ {[%emt 0:01:15]} Kf6 {[%emt 0:01:47]} 47. Rg6+ {[%emt 0:00:10]} Kf7 {[%emt 0:00:07]} 48. Rxh6 {[%emt 0:01:07]} Rxe4 {[%emt 0:00:07]} 49. Rh7+ {[%emt 0:00:06]} Kf6 {[%emt 0:00:21]} 50. Rxb7 {[%emt 0:00:06]} Kxf5 {[%emt 0:00:08]} 51. Rb6 {[%emt 0:00:50]} Re1 {[%emt 0:00:17]} 52. Rxa6 {[%emt 0:00:27]} Rc1+ {[%emt 0:00:16]} 53. Kd6 {[%emt 0:00:25]} Rc4 {[%emt 0:00:05]} 54. Rb6 {[%emt 0:00:10]} Kf6 {[%emt 0:00:44]} 55. Rxc6 {[%emt 0:00:11]} 1-0

[Event "WYCC 2018 O14"]
[Site "Halkidiki"]
[Date "2018.10.21"]
[Round "2"]
[White "Trifan, Andrei Ioan"]
[Black "Boulos, Carlos"]
[Result "0-1"]
[WhiteElo "2290"]
[BlackElo "2003"]
[Annotator "NA"]
[PlyCount "92"]
[EventDate "2018.10.20"]
[EventType "swiss"]
[EventCountry "GRE"]
[SourceTitle "playchess.com"]
[Source "ChessBase"]
[SourceQuality "1"]
[TimeControl "40/5400+30:1800+30"]

1. e4 {[%emt 0:00:00]} e5 {[%emt 0:00:00]} 2. Nf3 {[%emt 0:00:00]} Nc6 {[%emt 0:00:14]} 3. Bb5 {[%emt 0:00:15]} f5 {[%emt 0:00:50]} 4. d4 {[%emt 0:07:02]} fxe4 {[%emt 0:00:46]} 5. Bxc6 {[%emt 0:06:29]} dxc6 {[%emt 0:08:07]} 6. Nxe5 {[%emt 0:00:21]} Nf6 {[%emt 0:00:50]} 7. O-O {[%emt 0:02:10] C63: Ruy Lopez: Schliemann/Jaenisch Defence} (7. Nc3 Bb4 8. O-O O-O 9. Bg5 Qe8 10. Qe2 Bxc3 11. bxc3 h6 12. Bxf6 gxf6 13. Nc4 Qg6 14. Rae1 Bf5 {1-0 (24) Short,N (2664)-Schebler,G (2451) Pattaya 2015}) 7... Bd6 {[%emt 0:03:15]} 8. Nc3 {[%emt 0:04:55]} O-O {[%emt 0:15:47]} 9. Bg5 {[%emt 0:09:19]} Bxe5 {[%emt 0:07:41]} 10. dxe5 {[%emt 0:00:15]} Qxd1 {[%emt 0:00:12]} 11. Raxd1 {[%emt 0:03:37]} Ng4 {[%emt 0:01:24]} 12. Nxe4 {[%emt 0:04:33]} Nxe5 {[%emt 0:00:33]} 13. Rfe1 {[%emt 0:01:49]} Bf5 $146 {[%emt 0:12:07]} ({Predecessor:} 13... Ng6 14. c3 {1-0 (58) Chegwing,A (2061)-Manrique,F (1987) Bogota 2014}) 14. Ng3 {[%emt 0:08:10]} Rae8 {[%emt 0:26:36]} 15. Nxf5 {[%emt 0:14:44]} Rxf5 {[%emt 0:00:13]} 16. Bd8 {[%emt 0:02:31]} Rf7 {[%emt 0:09:25]} 17. Re3 {[%emt 0:06:16]} Kf8 $1 {[%emt 0:07:08]} 18. Bh4 {[%emt 0:02:21]} Nd7 {[%emt 0:02:14]} 19. Bg3 {[%emt 0:05:51]} Rxe3 {[%emt 0:01:22]} 20. fxe3 {[%emt 0:00:02]} Nf6 {[%emt 0:00:25]} 21. Rd8+ {[%emt 0:02:32]} Ke7 {[%emt 0:00:30]} 22. Rb8 {[%emt 0:02:00]} b6 {[%emt 0:00:42]} 23. Rb7 {[%emt 0:03:34]} Kd8 {[%emt 0:00:11]} 24. Rxa7 {[%emt 0:00:28]} Ne4 {[%emt 0:00:33]} 25. Ra8+ {[%emt 0:03:34]} Kd7 {[%emt 0:00:48]} 26. Bxc7 {[%emt 0:00:30]} Rf2 {[%emt 0:00:33]} 27. Bxb6 {[%emt 0:00:21]} Rxc2 {[%emt 0:00:18]} 28. h4 {[%emt 0:00:47]} Rxb2 {[%emt 0:00:36]} 29. Bd4 {[%emt 0:01:08]} Rb1+ {[%emt 0:00:17]} 30. Kh2 {[%emt 0:00:02]} g6 {[%emt 0:00:47]} 31. Ra7+ {[%emt 0:02:21]} Ke6 {[%emt 0:00:12]} 32. Rc7 {[%emt 0:02:23]} Kd6 {[%emt 0:00:50]} 33. Rxh7 {[%emt 0:00:34]} c5 {[%emt 0:00:26]} 34. Bh8 {[%emt 0:00:33]} c4 {[%emt 0:00:36]} 35. Rh6 {[%emt 0:01:04]} c3 {[%emt 0:00:25]} 36. Rxg6+ {[%emt 0:00:12]} Kd5 {[%emt 0:00:08]} 37. Bxc3 $1 {[%emt 0:01:12]} Nxc3 {[%emt 0:00:09]} 38. h5 {[%emt 0:00:29]} Nxa2 {[%emt 0:00:43]} 39. h6 {[%emt 0:02:51]} Rb8 {[%emt 0:00:16]} 40. g4 {[%emt 0:00:00]} Ke5 {[%emt 0:00:00]} 41. g5 {[%emt 0:07:27]} Kf5 {[%emt 0:22:13]} 42. Rg7 {[%emt 0:02:20]} Kg4 {[%emt 0:02:57]} 43. Kg2 {[%emt 0:06:19]} Nc3 {[%emt 0:02:39]} 44. h7 $2 {[%emt 0:09:14]} (44. Rf7 $15) 44... Rb2+ {[%emt 0:01:01]} 45. Kf1 {[%emt 0:00:02]} Kg3 {[%emt 0:01:24]} 46. Ke1 {[%emt 0:00:20]} Kg2 {[%emt 0:02:13]} 0-1